| 000 | 00957nam a2200205Ii 4500 | ||
|---|---|---|---|
| 008 | 221202s xx 000 0 und d | ||
| 100 | 1 |
_aMarca Wolfensberger, Dr. V.C., _eauthor |
|
| 245 | 0 |
_aTalent Development in European Higher Education : _b Honors Programs in the Benelux, Nordic and German-Speaking Countries |
|
| 264 | 1 |
_aCham _bSpringer Nature _c2015 |
|
| 300 | _a1 online resource (335 pages) | ||
| 336 |
_atext _btxt _2rdacontent |
||
| 337 |
_acomputer _bc _2rdamedia |
||
| 338 |
_aonline resource _bcr _2rdacarrier |
||
| 520 | _aHigher Education; Educational Policy and Politics; International and Comparative Education | ||
| 653 | _aEducational Policy And Politics | ||
| 653 | _aHigher Education | ||
| 653 | _aInternational And Comparative Education | ||
| 856 |
_uhttps://docs.google.com/spreadsheets/d/1yKIrdCPDAG_9c22mwoOIO2DOhtj65Wqa/edit?usp=sharing&ouid=106555315294820607512&rtpof=true&sd=true _yList of Curated E-Books |
||
| 942 | _cE-BOOK | ||
| 999 |
_c96918 _d96915 |
||